|
|
|
|
| LEADER |
00000nam2a2200000 4500 |
| 001 |
141597 |
| 005 |
20241009130046.0 |
| 035 |
|
|
|a (RuTPU)RU\TPU\book\153491
|
| 090 |
|
|
|a 141597
|
| 100 |
|
|
|a 20080822d1959 m y0rusy50 ca
|
| 101 |
0 |
|
|a rus
|
| 102 |
|
|
|a RU
|
| 105 |
|
|
|a a z 000zy
|
| 200 |
0 |
|
|a Т. 4 : Военные преступления и преступления против человечности
|
| 210 |
|
|
|d 1959
|
| 215 |
|
|
|a 896 с.
|c ил.
|
| 461 |
|
1 |
|0 (RuTPU)RU\TPU\book\161542
|t Нюрнбергский процесс над главными немецкими военными преступниками
|o сборник материалов
|o в 7 т.
|f под ред. Р. А. Руденко
|v Т. 4 : Военные преступления и преступления против человечности
|d 1957-1961
|
| 606 |
|
|
|a Нюрнбергский процесс 1945-1946
|9 81289
|
| 610 |
1 |
|
|a Великая Отечественная война 1941-1945
|
| 610 |
1 |
|
|a военные преступления
|
| 610 |
1 |
|
|a военные преступники
|
| 610 |
1 |
|
|a концентрационные лагеря
|
| 610 |
1 |
|
|a евреи
|
| 610 |
1 |
|
|a нарушения
|
| 610 |
1 |
|
|a закон
|
| 610 |
1 |
|
|a подсудимые
|
| 686 |
|
|
|2 rubbk
|a Т3(0)62,6
|
| 801 |
|
1 |
|a RU
|b 63413507
|c 20080822
|g PSBO
|
| 801 |
|
2 |
|a RU
|b 63413507
|c 20170901
|g PSBO
|
| 942 |
|
|
|c BK
|